000
00193 a2200097 4500
001
8288
100
_a
Marraini, F
245
_a
Secret Tibet
260
_a
_b
Hutchinson
_c
090
_c
6667
_d
6667
942
_a
NUST-CAE
_c
M
_c
33230
999
_c
243361
_d
243361